| 000 | 01709nam a2200433 i 4500 | ||
|---|---|---|---|
| 001 | 31921 | ||
| 003 | KOSZ 005 | ||
| 005 | 20230124095018.0 | ||
| 008 | 120711s1995 pl a f |001 0 pol | ||
| 015 | _aPB 9618/98 | ||
| 020 | _a8390237318 | ||
| 040 |
_aWA N _cWA N _dKOSZ 005/HR |
||
| 041 | 1 |
_apol _heng |
|
| 046 | _k1995 | ||
| 080 | _a339.923(4-67)"1989/..." | ||
| 080 | _a(075.8) | ||
| 100 | 1 |
_aMolle, Willem _d(1942- ) _eAutor |
|
| 245 | 1 | 0 |
_aEkonomika integracji europejskiej : _bteoria, praktyka, polityka / _cWillem Molle ; [tł. z ang. Piotr Kuropatwiński et al.]. |
| 246 | 1 |
_iTyt. oryg.: _aEconomics of European integration. |
|
| 260 |
_aGdańsk : _bFundacja Gospodarcza NSZZ [Niezależnego Samorządnego Związku Zawodowego] "Solidarność", _c1995. |
||
| 300 |
_aXII, 571 s. : _bwykr. ; _c23 cm. |
||
| 336 |
_2rdacontent _aTekst _btxt |
||
| 337 |
_2rdamedia _aBez urządzenia pośredniczącego _bn |
||
| 338 |
_2rdacarrier _aWolumin _bnc |
||
| 380 | _aKsiążki | ||
| 388 | _a1901-2000 | ||
| 388 | _a1989-2000 | ||
| 500 | _aTyt. oryg.: "The economics of European integration". | ||
| 504 | _aBibliogr. s. 520-560. - Indeks. | ||
| 610 | 2 | 4 | _aUnia Europejska (UE) |
| 650 | 4 | _aIntegracja europejska | |
| 655 | 4 | _aPodręczniki akademickie | |
| 658 | _aGospodarka, ekonomia, finanse | ||
| 658 | _aPolityka, politologia, administracja publiczna | ||
| 700 | 1 |
_aKuropatwiński, Piotr _d(1950- ) _eTłumaczenie |
|
| 710 | 2 | _aFundacja Gospodarcza Niezależnego Samorządnego Związku Zawodowego "Solidarność" | |
| 856 |
_uhttp://koha.tu.koszalin.pl/cgi-bin/koha/opac-detail.pl?biblionumber=31921 _yKatalog online BPK |
||
| 942 |
_2UKD _cKS |
||
| 999 |
_c31921 _d31921 |
||